| 000 | 00541cam a2200217ua 4500 | ||
|---|---|---|---|
| 001 | 10894 | ||
| 005 | 20260515114655.0 | ||
| 008 | 190921n ii |||gr||||Z||||||asm | ||
| 020 | _a9789381485729 | ||
| 040 | _cMAIN | ||
| 041 | _aasm | ||
| 082 | _a398.20954162 | ||
| 100 |
_aNabin Chandra Sharma, _eAuthor. |
||
| 245 |
_aAsamar loka sahitya _cBy Nabin Chandra Sharma |
||
| 250 | _a1st ed. | ||
| 260 |
_aGuwahati: _bJyoti prakashan, _c2014. |
||
| 300 | _a670p. | ||
| 653 | _aFolklore | ||
| 653 | _aFolk literature of Assam | ||
| 942 | _cBK | ||
| 999 |
_c9840 _d9840 |
||